政令指定都市にある駅(サドンデス) - Statistics

General Stats
  • This quiz has been taken 316 times
  • The average score is 19 of 80
Answers on the Grid
Answers color-coded by a green-red scale on the quiz's grid according to % correct below.
横浜駅
大阪駅
名古屋駅
札幌駅
福岡駅
川崎駅
神戸駅(兵庫県)
京都駅
大宮駅(埼玉県)
広島駅
仙台駅
千葉駅
北九州駅
堺駅
浜松駅
新潟駅
熊本駅
相模原駅
岡山駅
静岡駅
新横浜駅
新大阪駅
新名古屋駅
新札幌駅
新福岡駅
新川崎駅
新神戸駅
新京都駅
新大宮駅
新広島駅
新仙台駅
新千葉駅
新北九州駅
新堺駅
新浜松駅
新熊本駅
新新潟駅
新相模原駅
新岡山駅
新静岡駅
さいたま新都心駅
千葉みなと駅
川崎新町駅
小田急相模原駅
北海道医療大学駅
新潟大学前駅
静岡大学前駅
愛知大学前駅
大阪教育大前駅
広島大学前駅
東北福祉大前駅
九州工大前駅
羽沢横浜国大駅
徳重・名古屋芸大駅
茶山・京都芸術大学駅
京都精華大前駅
附属中学校前駅
清和学園前駅
東海学園前駅
東海大学前駅
東浜松駅
堺東駅
西岡山駅
南福岡駅
博多南駅
北広島駅
北神戸駅
北熊本駅
夢洲駅
西大洲駅
市民公園前駅
ファミリー公園前駅
新府駅
星置駅
城東駅
深井駅
古館駅
今羽駅
雀宮駅
朝日ヶ丘駅
宮町駅
野町駅
長町駅
金町駅
三重町駅
福田町駅
高城町駅
春日居町駅
島ノ関駅
京成大和田駅
二子玉川駅
二子新地駅
洋光台駅
けやき台駅
富海駅
道場駅
日前宮駅
植木駅
工学部前駅
農学部前駅
貞光駅
十王駅
中荒井駅
六浦駅
岐波駅
上飯島駅
浦川駅
泉福寺駅
岩峅寺駅
蓮ヶ池駅
狩留家駅
蔵王駅
鶴泊駅
巻駅
一日市場駅
古庄駅
下北条駅
亀島駅
建部駅
ハーモニーホール駅
市場駅(兵庫県)
市場駅(福岡県)
矢田駅(愛知県)
矢田駅(大阪府)
小野駅(京都府)
小野駅(兵庫県)
古市駅(大阪府)
古市駅(広島県)
吉田駅(新潟県)
吉田駅(大阪府)
日吉駅(神奈川県)
日吉駅(京都府)
小倉駅(京都府)
小倉駅(福岡県)
新井駅(新潟県)
新井駅(兵庫県)
荒井駅(兵庫県)
荒井駅(宮城県)
愛宕駅(宮城県)
愛宕駅(千葉県)
桜木駅(千葉県)
桜木駅(静岡県)
今川駅(新潟県)
今川駅(大阪府)
森駅(北海道)
森駅(大阪府)
中島駅(愛知県)
中島駅(広島県)
石原駅(埼玉県)
石原駅(京都府)
石田駅(京都府)
石田駅(福岡県)
池田駅(北海道)
池田駅(大阪府)
池田駅(熊本県)
川西池田駅
清水駅(静岡県)
清水駅(愛知県)
清水駅(大阪府)
新清水駅
清水町駅
清水川駅
清水原駅
十勝清水駅
白石駅(北海道)
白石駅(宮城県)
白石駅(熊本県)
武蔵白石駅
日進駅(北海道)
日進駅(愛知県)
日進駅(埼玉県)
東日進駅
山崎駅(北海道)
山崎駅(愛知県)
山崎駅(京都府)
大山崎駅
本郷駅(愛知県)
本郷駅(広島県)
本郷駅(福岡県)
幕張本郷駅
 
Answer Stats
Answer % Correct
横浜市西区
JR東日本 東海道本線 など
横浜駅
97%
名古屋市中村区
JR東海 東海道新幹線 など
名古屋駅
95%
大阪市北区
JR西日本 東海道本線 など
大阪駅
94%
札幌市北区
JR北海道 函館本線 など
札幌駅
91%
川崎市川崎区
JR東日本 東海道本線 など
川崎駅
62%
京都市下京区
JR東海 東海道新幹線 など
京都駅
61%
神戸市中央区
JR西日本 山陽本線
神戸駅(兵庫県)
58%
仙台市青葉区
JR東日本 東北新幹線 など
仙台駅
53%
広島市南区
JR西日本 山陽本線 など
広島駅
52%
千葉市中央区
JR東日本 総武本線 など
千葉駅
51%
さいたま市大宮区
JR東日本 東北新幹線 など
大宮駅(埼玉県)
50%
浜松市中央区
JR東海 東海道新幹線 など
浜松駅
48%
新潟市中央区
JR東日本 上越新幹線 など
新潟駅
48%
岡山市北区
JR西日本 山陽新幹線 など
岡山駅
45%
静岡県葵区
JR東海 東海道新幹線 など
静岡駅
45%
熊本市西区
JR九州 九州新幹線 など
熊本駅
43%
大阪市淀川区
JR東海 東海道新幹線 など
新大阪駅
43%
横浜市港北区
JR東海 東海道新幹線 など
新横浜駅
42%
神戸市中央区
JR西日本 山陽新幹線 など
新神戸駅
40%
堺市堺区
南海 本線
堺駅
38%
相模原市中央区
JR東日本 横浜線
相模原駅
36%
さいたま市中央区
JR東日本 東北本線 など
さいたま新都心駅
36%
川崎市幸区
JR東日本 横須賀線 など
新川崎駅
35%
千葉市中央区
JR東日本 京葉線 など
千葉みなと駅
34%
札幌市厚別区
JR北海道 千歳線
新札幌駅
33%
相模原市南区
小田急 小田原線
小田急相模原駅
26%
横浜市神奈川区
相鉄 新横浜線 など
羽沢横浜国大駅
26%
静岡県葵区
静岡鉄道線
新静岡駅
25%
堺市堺区
南海 高野線
堺東駅
23%
浜松市中央区
遠州鉄道線
新浜松駅
22%
大阪市此花区
大阪市高速交通 中央線
夢洲駅
22%
千葉市中央区
京成 千葉線
新千葉駅
19%
川崎市川崎区
JR東日本 南武線
川崎新町駅
18%
北九州市小倉北区
JR西日本 山陽新幹線 など
小倉駅(福岡県)
18%
横浜市港北区
東急 東横線 など
日吉駅(神奈川県)
17%
新潟市西区
JR東日本 越後線
新潟大学前駅
16%
千葉市花見川区 幕張本郷駅
16%
仙台市太白区
JR東日本 東北本線 など
長町駅
15%
福岡市博多区
JR九州 鹿児島本線
南福岡駅
13%
静岡市清水区
JR東海 東海道本線
清水駅(静岡県)
13%
札幌市白石区
JR北海道 函館本線 など
白石駅(北海道)
13%
仙台市青葉区
JR東日本 仙山線
東北福祉大前駅
12%
熊本市北区
熊本電鉄 菊池線 など
北熊本駅
12%
北九州市戸畑区
JR九州 鹿児島本線
九州工大前駅
11%
川崎市高津区
東急 田園都市線
二子新地駅
11%
横浜市磯子区
JR東日本 根岸線
洋光台駅
11%
川崎市川崎区
JR東日本 鶴見線
武蔵白石駅
11%
京都市左京区
叡山電鉄 叡山本線
茶山・京都芸術大学駅
10%
静岡市清水区
静岡鉄道線
新清水駅
10%
さいたま市北区
JR東日本 川越線
日進駅(埼玉県)
10%
京都市左京区
叡山電鉄 鞍馬線
京都精華大前駅
9%
札幌市手稲区
JR北海道 函館本線
星置駅
9%
名古屋市東区
名鉄 瀬戸線
矢田駅(愛知県)
9%
京都市山科区
京都市営地下鉄 東西線
小野駅(京都府)
9%
仙台市若林区
仙台市営地下鉄 東西線
荒井駅(宮城県)
9%
堺市中区
南海 泉北線
深井駅
8%
神戸市北区
JR西日本 福知山線
道場駅
7%
広島市安佐北区
JR西日本 芸備線
狩留家駅
7%
新潟市西蒲区
JR東日本 越後線
巻駅
7%
熊本市東区
JR九州 豊肥本線
東海学園前駅
6%
仙台市宮城野区
JR東日本 仙石線
福田町駅
6%
熊本市北区
JR九州 鹿児島本線
植木駅
6%
名古屋市中村区
名古屋市営地下鉄 東山線
亀島駅
6%
京都市伏見区
京都市営地下鉄 東西線
石田駅(京都府)
6%
名古屋市名東区 本郷駅(愛知県)
6%
横浜市金沢区
京急 逗子線
六浦駅
4%
岡山市北区
JR西日本 津山線
建部駅
4%
大阪市東住吉区
近鉄 南大阪線
矢田駅(大阪府)
4%
広島市安佐南区
広島高速鉄道 アストラムライン
古市駅(広島県)
4%
千葉市若葉区
千葉都市モノレール線
桜木駅(千葉県)
4%
大阪市東住吉区
近鉄 南大阪線
今川駅(大阪府)
4%
名古屋市北区
名鉄 瀬戸線
清水駅(愛知県)
4%
大阪市旭区
大阪市高速交通 今里筋線
清水駅(大阪府)
4%
静岡県葵区
静岡鉄道線
古庄駅
3%
さいたま市北区
埼玉新都市交通線
今羽駅
2%
浜松市天竜区
JR東海 飯田線
浦川駅
2%
名古屋市中川区
名古屋臨海高速鉄道 あおなみ線
中島駅(愛知県)
2%
広島市安佐北区
JR西日本 可部線
中島駅(広島県)
2%
北九州市小倉南区
JR九州 日田彦山線
石田駅(福岡県)
2%
熊本市西区
熊本電鉄 菊池線
池田駅(熊本県)
1%
No matching quizzes found
Score Distribution
Percent of People with Each Score
Percentile by Number Answered
Your Score History
You have not taken this quiz